[Event "Manavgat Turkey Cup"]
[Site "Manavgat"]
[Date "2015.02.04"]
[Round "7"]
[White "Metin, Mehmet"]
[Black "Akbaba, Mithat"]
[Result "1-0"]
[WhiteElo "2154"]
[BlackElo "1806"]
[PlyCount "57"]
[EventDate "2015.01.31"]
[EventType "swiss"]
[EventRounds "11"]
[EventCountry "TUR"]
[SourceTitle "CBM 164 Extra"]
[Source "ChessBase"]
[SourceDate "2015.03.02"]
[SourceVersion "1"]
[SourceVersionDate "2015.03.02"]
[SourceQuality "1"]

1. d4 d5 2. Nf3 Nf6 3. c4 c6 4. Nc3 e6 5. Bg5 dxc4 6. e4 b5 7. e5 h6 8. Bh4 g5 9. Nxg5 hxg5 10. Bxg5 Nbd7 11. exf6 Bb7 12. a3 Qb6 13. g3 c5 14. d5 0-0-0 15. Bg2 Ne5 16. 0-0 Nd3 17. Qg4 Ne5 18. Qe2 Bd6 19. f4 Nd3 20. dxe6 Bxg2 21. Kxg2 Rde8 22. e7 b4 23. axb4 cxb4 24. Ne4 b3 25. Ra4 Bb4 26. Rc1 Qe6 27. Qxd3 Qh3+ 28. Kf3 Qh5+ 29. g4 1-0

[Event "Manavgat Turkey Cup"]
[Site "Manavgat"]
[Date "2015.02.02"]
[Round "4"]
[White "Akbaba, Mithat"]
[Black "Rzayev, Askar Aliakbar"]
[Result "0-1"]
[WhiteElo "1806"]
[BlackElo "2065"]
[PlyCount "92"]
[EventDate "2015.01.31"]
[EventType "swiss"]
[EventRounds "11"]
[EventCountry "TUR"]
[SourceTitle "CBM 164 Extra"]
[Source "ChessBase"]
[SourceDate "2015.03.02"]
[SourceVersion "1"]
[SourceVersionDate "2015.03.02"]
[SourceQuality "1"]

1. d4 Nf6 2. c4 g6 3. Nc3 Bg7 4. e4 d6 5. Nf3 0-0 6. Be2 Bg4 7. Be3 Nfd7 8. 0-0 c5 9. Qd2 Nc6 10. d5 Bxf3 11. Bxf3 Nd4 12. Bxd4 Bxd4 13. Be2 e5 14. Nb5 Qe7 15. Kh1 a6 16. Nc3 Nf6 17. Bf3 Rab8 18. Rab1 b5 19. b3 bxc4 20. bxc4 Qc7 21. Rb3 Qa5 22. Nb1 Qa4 23. Qc2 Rb4 24. Nd2 Rfb8 25. Bd1 a5 26. f4 exf4 27. Rxf4 Be5 28. Rf1 Rxb3 29. axb3 Qb4 30. Qd3 Kg7 31. Nf3 Qc3 32. Nxe5 Qxe5 33. Bf3 Rb4 34. g3 h5 35. Bg2 a4 36. bxa4 Rxa4 37. h3 Ra2 38. Kg1 Ra1 39. Rxa1 Qxa1+ 40. Kh2 Nd7 41. Qe2 Ne5 42. Bf1 Qc1 43. Kg2 Qg5 44. Qf2 Qc1 45. Qf4 Qc2+ 46. Qf2 Qxe4+ 0-1

[Event "Manavgat Turkey Cup"]
[Site "Manavgat"]
[Date "2015.02.01"]
[Round "2"]
[White "Zor, Alber Kadir"]
[Black "Akbaba, Mithat"]
[Result "1-0"]
[WhiteElo "2100"]
[BlackElo "1806"]
[PlyCount "61"]
[EventDate "2015.01.31"]
[EventType "swiss"]
[EventRounds "11"]
[EventCountry "TUR"]
[SourceTitle "CBM 164 Extra"]
[Source "ChessBase"]
[SourceDate "2015.03.02"]
[SourceVersion "1"]
[SourceVersionDate "2015.03.02"]
[SourceQuality "1"]

1. e4 c5 2. f4 d6 3. Nf3 e6 4. Nc3 a6 5. a4 Nc6 6. g3 Qc7 7. Bg2 Be7 8. 0-0 Nh6 9. d3 f5 10. Re1 0-0 11. exf5 Nxf5 12. Ne4 Bd7 13. Neg5 Qc8 14. c3 Bf6 15. g4 Nh6 16. h3 Nf7 17. Ne4 Be7 18. d4 cxd4 19. cxd4 Nb4 20. Nc3 Bc6 21. f5 e5 22. d5 Bd7 23. Be3 a5 24. Rc1 Qd8 25. Qd2 Rc8 26. Bf1 Qe8 27. b3 h5 28. Nb5 Rxc1 29. Rxc1 Nxd5 30. Qxd5 Bc6 31. Qd1 1-0

[Event "TUR-ch op"]
[Site "Antalya"]
[Date "2008.02.05"]
[Round "4.49"]
[White "Uygun, Ali Murat"]
[Black "Akbaba, Mithat"]
[Result "1/2-1/2"]
[WhiteElo "1853"]
[BlackElo "1565"]
[PlyCount "102"]
[EventDate "2008.02.04"]
[EventType "swiss"]
[EventRounds "11"]
[EventCountry "TUR"]
[SourceTitle "CBM 122 Extra"]
[Source "ChessBase"]
[SourceDate "2008.03.04"]
[SourceVersion "1"]
[SourceVersionDate "2008.03.04"]
[SourceQuality "1"]

1. d4 d5 2. c4 c6 3. Nc3 e6 4. e3 Nf6 5. Nf3 Nbd7 6. Be2 Bd6 7. h3 h6 8. 0-0 0-0 9. b3 dxc4 10. Bxc4 b5 11. Be2 b4 12. Na4 c5 13. Bb2 Bb7 14. Rc1 cxd4 15. Nxd4 Qe7 16. Nc6 Bxc6 17. Rxc6 Be5 18. Qa1 Bxb2 19. Qxb2 Nd5 20. Rc2 Rac8 21. Rfc1 N7b6 22. Nxb6 Nxb6 23. Bf3 Rxc2 24. Rxc2 Rc8 25. Rd2 Qc5 26. Qd4 e5 27. Qe4 g6 28. g4 Rc7 29. Kg2 Rd7 30. Rc2 Qe7 31. Be2 Nd5 32. Bc4 Qd6 33. Bxd5 Qxd5 34. Rc4 a5 35. Rc8+ Kg7 36. Qxd5 Rxd5 37. Ra8 f5 38. Ra6 Rc5 39. Kg3 Rd5 40. h4 Rc5 41. h5 f4+ 42. exf4 exf4+ 43. Kh4 g5+ 44. Kh3 Re5 45. Kg2 Kh7 46. Kf3 Kg7 47. Rd6 Kh7 48. Rd7+ Kg8 49. Rd2 Kf7 50. Rd6 Kg7 51. Rd2 Kf7 1/2-1/2